Sports Mascot Map V Quiz Stats

 Plays Quiz not verified by Sporcle

Score 0/16 Timer 02:00
0 Plays Today
% Correct
N.J. Devil
73.2%
Billy the Marlin
40.6%
Steely McBeam
35.5%
T.C. Bear
34.8%
Sir Purr
32.6%
Bango the Buck
31.2%
Screech
30.4%
Barrelman
28.3%
% Correct
Pierre the Pelican
26.1%
Crunch the Wolf
25.4%
Freddie Falcon
23.9%
Bailey
21%
Thunderbug
20.3%
Franklin
18.1%
Staley the Bear
18.1%
Stanley C. Panther
16.7%

You're not logged in!

Compare scores with friends on all Sporcle quizzes.
OR
Log In

Show Comments

Extras

Top Quizzes Today


Score Distribution

Your Account Isn't Verified!

In order to create a playlist on Sporcle, you need to verify the email address you used during registration. Go to your Sporcle Settings to finish the process.

Report this User

Report this user for behavior that violates our Community Guidelines.

Details: